000 01162nam a2200253 a 4500
001 BRCA_97
005 20190320202858.0
008 920731s1991 mx-a---##c---s000-0#spa-#
040 _aDLC
_cDLC
_dDLC
041 _aspa
044 _amx
050 4 _aNA5257.P8
_b.M66 1991
100 1 _aMonterrosa Prado, Mariano
_9378
245 1 0 _aCatálogo de bienes muebles de la Parroquia de San José de la Ciudad de Puebla
_cMariano Monterrosa Prado, Leticia Talavera Solórzano.
260 _a[México]
_bGobierno del Estado de Puebla
_c[1991]
300 _a200 p.
_bil.
_c28 cm.
500 _aTítulo de la cubierta: Catálogo nacional de bienes muebles de la Parroquia de San José de la Ciudad de Puebla
610 2 4 _aInstituto Nacional de Antropología e Historia (Ciudad de México)
_bDirección de Monumentos Históricos
_vCatálogos
_9379
650 1 4 _aArte cristiano y simbolismo
_vCatálogos
_zMéxico
_9380
700 1 _aTalavera Solórzano, Elsa Leticia
_ecoaut.
_9381
710 2 _aParroquia de San José de la Ciudad de Puebla (México)
_9382
740 0 _aCatálogo nacional de bienes muebles de la Parroquia de San José de la Ciudad de Puebla
942 _2lcc
_cB
999 _c83
_d83